000 00390nam a22001697a 4500
003 OSt
008 240326b |||||||| |||| 00| 0 eng d
020 _a9789390185283
082 _a621.4022 CEH
100 _aCENGEL,Yunus A
245 _aHeat and Mass Transfer
250 _a6th Ed
260 _aNew Delhi
_bTMH
_c2023
300 _a996
700 _aGHAHAR,Afshin J
942 _2ddc
_cREF
999 _c12301
_d12301